000 00696nam a2200241Ia 4500
005 20260430150339.0
008 008 250103s9999 xx 000 0 eng d
037 _aTheses
040 _aCRL
040 _beng
040 _ceng
041 _2eng
041 _aeng
084 _qCRL
100 _aGupta Shubhra Au.; Shishodia P.K. Gu.
_91237217
245 0 _aAnalytical Simulation of ZrS2 Based Heterostructures for thin Film Solar Cells
260 _c2023
300 _a108p.
650 _aElectronic Science
700 _aUniversity of Delhi. Faculty of Inter- Disciplinary & Applied Science. Deptt. of Electronics Science
_91237213
942 _cTH
999 _c1849567
_d1849567